Дневник белогвардейца: [Сборник]; Ледяной поход (С Корниловым); Поход и смерть генерала Корнилова; Дневник белогвардейца (Колчаковская эпопея); Конь вороной; Усобица (Цикл о терроре)
| Teanga: | Rúisis |
|---|---|
| Foilsithe / Cruthaithe: |
Новосибирск, Новосибирское кн. изд-во, 1991
|
| TOC: | Р. Б. Гуль, Ледяной поход (С Корниловым); А. И. Деникин, Поход и смерть генерала Корнилова; А. Будберг, Дневник белогвардейца (Колчаковская эпопея); Б. Савинков (Ропшин В.), Конь вороной; Усобица (Цикл о терроре); |
| Ábhair: | |
| Formáid: | LEABHAR |
| KOHA link: | https://koha.lib.tpu.ru/cgi-bin/koha/opac-detail.pl?biblionumber=113185 |
MARC
| LEADER | 00000nam0a2200000 4500 | ||
|---|---|---|---|
| 001 | 113185 | ||
| 005 | 20231101215117.0 | ||
| 010 | |a 5762004813 | ||
| 020 | |a RU |b 91-58039 | ||
| 035 | |a (RuTPU)RU\TPU\book\122421 | ||
| 090 | |a 113185 | ||
| 100 | |a 20070406d1991 m y0rusy5003 ca | ||
| 101 | 0 | |a rus | |
| 102 | |a RU | ||
| 105 | |a a z 000ay | ||
| 200 | 1 | |a Дневник белогвардейца |e [Сборник] | |
| 210 | |a Новосибирск |c Новосибирское кн. изд-во |d 1991 | ||
| 215 | |a 398,[2] с. |d 21 см |c ил. | ||
| 464 | |t Ледяной поход (С Корниловым) |f Р. Б. Гуль | ||
| 464 | |t Поход и смерть генерала Корнилова |f А. И. Деникин | ||
| 464 | |t Дневник белогвардейца (Колчаковская эпопея) |f А. Будберг | ||
| 464 | |t Конь вороной |f Б. Савинков (Ропшин В.) | ||
| 464 | |t Усобица (Цикл о терроре) |o Приложение |a Волошин, Максимилиан | ||
| 600 | 1 | |a Корнилов |b В. А. |c российский вице-адмирал |f 1806-1854 |g Владимир Алексеевич |2 stltpush |3 (RuTPU)RU\TPU\pers\12063 |9 3147 | |
| 600 | 1 | |a Колчак |g Александр Васильевич |b А. В. |c российский военачальник |c полярный исследователь |f 1873-1920 |2 stltpush |3 (RuTPU)RU\TPU\pers\1131 | |
| 610 | 1 | |a русская литература | |
| 610 | 1 | |a Гражданская война 1918-1921 | |
| 610 | 1 | |a иностранная интервенция | |
| 610 | 1 | |a белогвардейщина | |
| 610 | 1 | |a белое движение | |
| 675 | |a Р1 |z rus | ||
| 801 | 0 | |a RU |b RuMRKP |c 19950417 |g psbo | |
| 801 | 1 | |a RU |b 63413507 |c 20070406 |g PSBO | |
| 801 | 2 | |a RU |b 63413507 |c 20070813 |g PSBO | |
| 942 | |c BK | ||